Global health and nursing : (Record no. 84165)

MARC details
000 -LEADER
fixed length control field 02332nam a22002537a 4500
003 - CONTROL NUMBER IDENTIFIER
control field URS
005 - DATE AND TIME OF LATEST TRANSACTION
control field 20250819130921.0
008 - FIXED-LENGTH DATA ELEMENTS--GENERAL INFORMATION
fixed length control field 250819b |||||||| |||| 00| 0 eng d
020 ## - INTERNATIONAL STANDARD BOOK NUMBER
International Standard Book Number 978-0-3238-7780-0
040 ## - CATALOGING SOURCE
Language of cataloging English
Transcribing agency URS
Description conventions rda
050 ## - LIBRARY OF CONGRESS CALL NUMBER
Classification number RA418
Item number .G51 2025
245 #0 - TITLE STATEMENT
Title Global health and nursing :
Remainder of title a new narrative for the 21st century /
Statement of responsibility, etc edited by Barbara Stilwell.
250 ## - EDITION STATEMENT
Edition statement 8th edition
264 ## - PUBLICATION, DISTRIBUTION, ETC. (IMPRINT)
Place of publication, distribution, etc Poland :
Name of publisher, distributor, etc Elsevier,
Date of publication, distribution, etc ©2025.
300 ## - PHYSICAL DESCRIPTION
Extent xi, 205 pages :
Other physical details color illustrations ;
Dimensions 24 cm.
336 ## - CONTENT TYPE
Content type term text
Content type code txt
Source rdacontent
337 ## - MEDIA TYPE
Media type term unmediated
Media type code n
Source rdamedia
338 ## - CARRIER TYPE
Carrier type term volume
Carrier type code nc
Source rdacarrier
500 ## - GENERAL NOTE
General note Includes appendix and index.
505 ## - FORMATTED CONTENTS NOTE
Formatted contents note The Journey Begins: Introduction to Community Health Nursing -- History & Evolution of Community Health Nursing -- Setting the Stage for Community Health Nursing -- Evidence-Based Practice and Ethics in Community Health Nursing -- Transcultural Nursing in the Community -- Structure & Economics of Community Health Services -- Epidemiology in Community Health Care -- Communicable Disease Control -- Environmental Health and Safety -- Communication, Collaboration, and Contracting -- Health Promotion: Achieving Change Through Education -- Planning and Developing Community Programs and Services -- Policy Making and Community Health Advocacy -- Theoretical Basis for Community Health Nursing -- Community as Client: Applying the Nursing Process -- Global Health & International Community Health Nursing -- Being Prepared: Disasters and Terrorism -- Theoretical Basis for Promoting Family Health -- Working with Families: Applying the Nursing Process -- Violence Affecting Families -- Maternal-Child Health: Working with Perinatal, Infant, Toddler, and Preschool Clients -- School-Aged Children and Adolescents -- Adult Women and Men -- Older Adults: Aging in Place -- Working with Vulnerable People -- Clients with Disabilities and Chronic Illness (+ injury prevention) -- Behavioral Health in the Community -- Working With the Homeless -- Issues with Rural, Migrant, and Urban Health Care -- Public Settings for Community Health Nursing -- Private Settings for Community Health Nursing -- Clients Receiving Home Health and Hospice Care.
650 #0 - SUBJECT ADDED ENTRY--TOPICAL TERM
Topical term or geographic name as entry element Global health.
9 (RLIN) 6336
700 ## - ADDED ENTRY--PERSONAL NAME
Personal name Stilwell, Barbara,
Relator term editor.
9 (RLIN) 6337
942 ## - ADDED ENTRY ELEMENTS (KOHA)
Koha item type Reserved Books
Source of classification or shelving scheme Library of Congress Classification
Holdings
Withdrawn status Lost status Source of classification or shelving scheme Damaged status Not for loan Collection code Home library Current library Shelving location Date acquired Source of acquisition Total Checkouts Full call number Barcode Date last seen Copy number Koha item type
    Library of Congress Classification     Non-fiction Taytay College Library Taytay College Library Nursing Collection 08/12/2025 Purchased   RA418 .G51 2025 URSTAY-5771 08/19/2025 1 Reserved Books

University of Rizal System
Email us at univlibservices@urs.edu.ph

Visit our Website www.urs.edu.ph/library